À partir de quel âge? - Statistiques

Statistiques générales
  • Ce quiz a été pris 256 fois
  • Le résultat moyen est 12 sur 15
Statistiques - réponses
Hint Réponse % Correct
À partir de quel âge peut-on devenir maire? 18
98%
À partir de quel âge peut-on devenir député? 18
97%
Quel âge minimum doit avoir une personne désirant acheter de l'alcool? 18
81%
À partir de quel âge peut-on passer le permis A1 (catégorie moto de moins de 125cm3)? 16
80%
À partir de quel âge peut-on passer le permis catégorie B, en conduite accompagnée? 17
80%
Avant 2011, à partir de quel âge pouvait-on devenir député? 23
80%
À partir de quel âge peut se rendre dans un cinéma non accompagné? 10
79%
Quel est l'âge minimal pour se rendre dans un bar, non accompagné d'un adulte? 16
79%
Quel est l'âge minimal pour se rendre dans une boîte de nuit? 18
79%
Quel âge minimum doit avoir une personne désirant entrer dans un débit de boissons alcooliques si elle est non accompagnée d'un de ses parents ou bien d'un majeur responsable? 16
77%
À partir de quel âge minimum peut-on effectuer certains travaux estivaux, sous réserve de l'accord de l'inspection du travail? 14
74%
À partir de quel âge peut-on devenir président de la République? 18
74%
À partir de quel âge peut-on devenir sénateur? 24
68%
Avant 2011, à partir de quel âge pouvait-on devenir sénateur? 35
68%
Avant 2011, à partir de quel âge pouvait-on devenir président de la République? 23
64%
Aucun quiz correspondant
Distribution des résultats
% des personnes avec chaque résultat
Percentile par nombre de réponses
Votre historique - résultats
Vous n’avez pas pris ce quiz